El libro de los "misterios"

Kaydedildi:
Detaylı Bibliyografya
Yazar: Carilla, Emilio
Materyal Türü: Kitap
Dil:Undetermined
Baskı/Yayın Bilgisi: Madrid, España Gredos 1976
Konular:
Etiketler: Etiketle
Etiket eklenmemiş, İlk siz ekleyin!

MARC

LEADER 00000nam a2200000Ia 4500
008 170316s9999 xx 000 0 und d
040 |a cru BVZT 
090 |a C-862 C-7L 
100 |a Carilla, Emilio 
245 |a El libro de los "misterios" 
260 |a Madrid, España 
260 |b Gredos 
260 |c 1976 
300 |a 184 páginas 
650 |a LITERATURA ESPAÑOLA 
650 |a CRÍTICA 
942 |c 15 D 
999 |c 13103  |d 13103